| 000 | 00773nam a2200277Ia 4500 | ||
|---|---|---|---|
| 001 | 37661 | ||
| 003 | IT-RoPAU | ||
| 008 | 130308s9999 xx 000 0 und d | ||
| 040 | _aIT-RoPAU | ||
| 040 | _cIT-RoPAU | ||
| 041 | _aFRANCESE | ||
| 100 | _aRoy Michel | ||
| 100 | _gCodice Aut. SPICS: 17339 | ||
| 245 | _aUne Interview sur cassette avec Mons. M. Roy (le devoir) | ||
| 245 | _bMedia-Initiation (1)-La Presse (Con Cassetta) | ||
| 250 | _a1a ed. | ||
| 260 | _aMONTREAL | ||
| 260 | _bOffice Communications Sociales | ||
| 500 | _aCassetta con L'Intervista a Monsignor Michel Roy del giornale le Devoir | ||
| 650 | _aEDUCAZIONE ALLA STAMPA DI MASSA | ||
| 650 | _eCodice materia Spics: 6662 | ||
| 942 | _cBK | ||
| 957 | _71 | ||
| 999 |
_c50232 _d50232 |
||
| 999 | _bSI | ||
| 999 | _g1 | ||